ՀՀ Գիտությունների ազգային ակադեմիայի հիմնարար գիտական գրադարան  =   Fundamental Scientific Library of NAS RA

Строительная гидравлика в алгоритмах и программах для ЭВМ / (Record no. 159079)

MARC details
000 -LEADER
fixed length control field 01003nam a2200241 a 4500
001 - CONTROL NUMBER
control field 000416949
003 - CONTROL NUMBER IDENTIFIER
control field AM-YeHGA
005 - DATE AND TIME OF LATEST TRANSACTION
control field 20250617133009.0
008 - FIXED-LENGTH DATA ELEMENTS--GENERAL INFORMATION
fixed length control field 050325s1989 ||| r 000 0 rus d
020 ## - INTERNATIONAL STANDARD BOOK NUMBER
International Standard Book Number 527400363X
040 ## - CATALOGING SOURCE
Original cataloging agency AM-YeHGA
041 0# - LANGUAGE CODE
Language code of text/sound track or separate title rus
090 ## - LOCALLY ASSIGNED LC-TYPE CALL NUMBER (OCLC); LOCAL CALL NUMBER (RLIN)
-- 160483
100 1# - MAIN ENTRY--PERSONAL NAME
Personal name Койда, Никанор Ульянович
245 10 - TITLE STATEMENT
Title Строительная гидравлика в алгоритмах и программах для ЭВМ /
Statement of responsibility, etc. Н.У. Койда, А.Н. Койда, К.Н. Койда; Под ред.: Н.У. Койды.
260 ## - PUBLICATION, DISTRIBUTION, ETC.
Place of publication, distribution, etc. Ленинград :
Name of publisher, distributor, etc. Стройиздат,
Date of publication, distribution, etc. 1989.
300 ## - PHYSICAL DESCRIPTION
Extent 175 с.
Other physical details ил.
500 ## - GENERAL NOTE
General note На обл. авт. не указаны
504 ## - BIBLIOGRAPHY, ETC. NOTE
Bibliography, etc. note Библиогр.: с. 171-173
650 14 - SUBJECT ADDED ENTRY--TOPICAL TERM
Topical term or geographic name entry element Гидравлика прикладная
General subdivision Математические методы
700 1# - ADDED ENTRY--PERSONAL NAME
Personal name Койда, Александр Никанорович
700 1# - ADDED ENTRY--PERSONAL NAME
Personal name Койда, Константин Никанорович
Holdings
Withdrawn status Lost status Damaged status Not for loan Collection Home library Current library Date acquired Total checkouts Full call number Barcode Date last seen Price effective from Koha item type Public note
        General Fundamental Scientific Library Fundamental Scientific Library 28/12/2016   532 120617868 28/12/2016 28/12/2016 Գրքեր / Books Two weeks Loan
        General Fundamental Scientific Library Fundamental Scientific Library 28/12/2016   Р2/598764 120598764 28/12/2016 28/12/2016 Գրքեր / Books 30 Days Loan


ՀՀ ԳԱԱ հիմնարար գիտական գրադարան
ՀՀ,Երևան 0019
Մարշալ Բաղրամյան 24/6
հեռախոս:(374-10) 52-47-50
Հետադարձ կապ

All site content, except where otherwise noted, is licensed under a
Creative Commons License